000 00354cam a22001217a 4500
008 180718b1973 xxu||||| |||| 00| 0 eng d
082 _aW2 H559
100 _aHillman, Mayer
245 _aPersonal mobility and transport policy
_cby Mayer Hillman
260 _aLondon
_bPEP
_c1973
300 _avi, 134p.
650 _aTransportation and state --Great Britain
999 _c436311
_d436311